Online
Catalog

Aristas : (Record no. 19359)

MARC details
000 -CABECERA
campo de control de longitud fija 01186cam a2200229 a 4500
001 - NÚMERO DE CONTROL
campo de control 000019846
005 - FECHA Y HORA DE LA ÚLTIMA TRANSACCIÓN
campo de control 20200929170149.0
008 - DATOS DE LONGITUD FIJA--INFORMACIÓN GENERAL
campo de control de longitud fija 850222s1930 pr b 000 0 spa d
040 ## - FUENTE DE LA CATALOGACIÓN
Centro catalogador/agencia de origen DO-SdBNP
Lengua de catalogación spa
Centro/agencia transcriptor DLC
Centro/agencia modificador BNPHU
082 ## - NÚMERO DE LA CLASIFICACIÓN DECIMAL DEWEY
Número de clasificación PR864.42
Número de documento/Ítem P371a
049 ## - FONDOS LOCALES (OCLC)
Fondos de biblioteca BNGR
100 1# - ENTRADA PRINCIPAL--NOMBRE DE PERSONA
Nombre de persona Pedreira, Antonio Salvador,
Fechas asociadas al nombre 1899-1939.
9 (RLIN) 13569
245 10 - MENCIÓN DE TÍTULO
Título Aristas :
Resto del título ensayos /
Mención de responsabilidad, etc. Antonio S. Pedreira.
260 ## - PUBLICACIÓN, DISTRIBUCIÓN, ETC.
Lugar de publicación, distribución, etc. San Juan, Puerto Rico :
Nombre del editor, distribuidor, etc. Libreria y Editorial Campos,
Fecha de publicación, distribución, etc. 1930.
300 ## - DESCRIPCIÓN FÍSICA
Extensión 272 p. ;
Dimensiones 20 cm.
490 0# - MENCIÓN DE SERIE
Mención de serie Novelistas, Poetas y Ensayistas de América
505 0# - NOTA DE CONTENIDO CON FORMATO
Nota de contenido con formato Pórtico -- ¿La generación del 98? -- Ensayo cromático -- Los amores de don Quijote -- En torno a Henrik Ibsen. Ideas cardinales -- En su taller literario -- Unidad y geometrismo -- De los nombres de Puerto Rico -- ¿Portorriqueño o puertorriqueño? -- Lemas fugaces. Epigramas de Marcial -- Literatura diabólica -- Sansón Carrasco -- Donjuanerías. Dualismo y síntesis titular -- Espectacularismo zorrillesco.
650 #4 - PUNTO DE ACCESO ADICIONAL DE MATERIA--TÉRMINO DE MATERIA
Término de materia o nombre geográfico como elemento de entrada Ensayos puertorriqueños
9 (RLIN) 8892
650 #4 - PUNTO DE ACCESO ADICIONAL DE MATERIA--TÉRMINO DE MATERIA
Término de materia o nombre geográfico como elemento de entrada Literatura puertorriqueña
9 (RLIN) 250
830 #0 - PUNTO DE ACCESO ADICIONAL DE SERIE-TÍTULO UNIFORME
Título uniforme Novelistas, Poetas y Ensayistas de América
9 (RLIN) 42356
910 ## - DATOS DE OPCIÓN DEL USUARIO (OCLC)
Datos de opción del usuario Catalogación derivada / LC
Holdings
Estado de retiro Estado de pérdida Restricciones de uso No para préstamo Código de colección Localización permanente Ubicación/localización actual Ubicación en estantería Fecha de adquisición Número de inventario Total de préstamos Signatura topográfica completa Código de barras Fecha visto por última vez Precio válido a partir de Tipo de ítem Koha
        Monografías: Libros y Folletos General General En catalogación 07.07.2010 LF1   PR864.42 P371a 19846-10 25.06.2020 25.06.2020 Préstamo en sala

Powered by Koha